Kursus sijil penilaian harta [ pengucapan awam

Bibliographic Details
Format: Book
Published: Bangi : Inspen , 1996
Subjects:

MARC

LEADER 00000cam a2200000 7i4500
001 0000017701
005 20061130.0
040 |a INS 
090 0 0 |a HF5718.22 1996 
245 0 0 |a Kursus sijil penilaian harta [  |h video recording] :   |b pengucapan awam 
260 |a Bangi :   |b Inspen ,   |c 1996 
300 |a 1 Video cassette(VHS) (0:20) :   |b sd.,col. ;   |c 1/2 in. 
650 0 0 |a Public speaking 
999 |a VHS625   |b VIDEO   |c Media Collection   |e Default branch